| 000 | 00642nam a2200121Ia 4500 | ||
|---|---|---|---|
| 008 | 170221s9999 xx 000 0 und d | ||
| 100 | _aZubhi, Ubaidillah. | ||
| 245 | _aAnalysis of influences of GDP and ICT on Indonesian industrial structural changes using statistical analysis: 1990-2005 | ||
| 245 | _cUbaidillah Zuhdi, Tokyo University of Science, Japan & Institut Teknologi Bandung, Indonesia; Shunsuke Mori, Tokyo University of Science, Japan; Kazuhisa Kamegai, Tokyo University of Science, Japan. | ||
| 260 | _bJournal of Management and Marketing Research | ||
| 650 | _xBusiness | ||
| 856 | _uhttp://www.aabri.com/manuscripts/141923.pdf | ||
| 999 |
_c307429 _d307429 |
||